LEADER 00825nam0-22003131i-450- 001 990003967720403321 005 20081209132837.0 035 $a000396772 035 $aFED01000396772 035 $a(Aleph)000396772FED01 035 $a000396772 100 $a20031002d1948----km-y0itay50------ba 101 0 $aeng 102 $aUS 105 $aa-------001yy 200 1 $aWater purification control$fE.S. Hopkins 205 $a3rd ed. 210 $aBaltimore$cWilliams & Wilkins$d1948 215 $a289 p.$d20 cm 610 0 $aAcque potabili 676 $a546.22$v20$zita 700 1$aHopkins,$bEdward Scott$0149395 801 0$aIT$bUNINA$gRICA$2UNIMARC 901 $aBK 912 $a990003967720403321 952 $a15 M/2-50$fDINID 959 $aDINID 996 $aWater purification control$9512444 997 $aUNINA LEADER 00941cam0-22003371i-450- 001 990000216480403321 005 20061110121047.0 035 $a000021648 035 $aFED01000021648 035 $a(Aleph)000021648FED01 035 $a000021648 100 $a20020821d1924----km-y0itay50------ba 101 0 $afre 102 $aFR 105 $ay-------001yy 200 1 $a<>turbines hydrauliques et les turbo- pompes$fpar R. Thomann en collaboration avec P. Iltis 210 $aParis$cDunod$d1924 215 $av.$d27 cm 307 $a1.: XI, 176 p. : ill. 610 0 $aTurbine idrauliche 610 0 $aPompe 676 $a621.2 700 1$aThomann,$bRobert$05774 701 1$aIltis,$bPaul$05775 801 0$aIT$bUNINA$gRICA$2UNIMARC 901 $aBK 912 $a990000216480403321 952 $a13 L 26 21$b5811$fFINBC 959 $aFINBC 996 $aTurbines hydrauliques et les turbo- pompes$9123241 997 $aUNINA